00383nam a2200145Ia 4500008004100000020001500041041001200056082001100068100001800079245006900097250000800166260003900174300000800213650001600221221030s9999 xx 000 0 und d a8131502643 aEnglish a105.23 aT. F. Herbert 0aLinux TCP / IP Networking For Embedded Systemscby T. F. Herbert a2nd bThomson LearningaSingaporec2007 a627 aBE Computer